000 00584nam a2200193 a 4500
001 000010999
005 20240412074222.0
008 091013s1985 dr 000 p spa d
040 _aDO-SdBNP
_bspa
_cBNPHU
082 _aRD861.44
_bU72t
100 1 _aUrbáez, Aristófanes,
_d1952-
_926419
245 1 0 _aLos tambores de la paloma azul /
_cAristofanes Urbaez.
260 _aSanto Domingo :
_bCENAPEC,
_c1985.
300 _a107 P. ;
_c22 cm.
650 0 _aPoesía dominicana
_966
650 0 _aLiteratura dominicana.
_967
910 _aValidado. Control de calidad MFF
049 _aBNPD
999 _c10737
_d10737